| 000 | 00385nam a2200133Ia 4500 | ||
|---|---|---|---|
| 005 | 20260328101514.0 | ||
| 008 | 260328s9999||||xx |||||||||||||| ||und|| | ||
| 100 | _aEsslinger, Hartmut | ||
| 245 | 2 |
_aA Fine Line : _b How Design strategies are shaping the future of business / _cHartmut Esslinger |
|
| 260 | _bJossey-Bass | ||
| 300 | _a183 p. | ||
| 650 | _aDISEÑO INDUSTRIAL | ||
| 942 | _cBK | ||
| 999 |
_c9323 _d9323 |
||